000 01016nam a2200277 a 4500
001 000015355
003 OSt
005 20260321073639.0
008 100205s2008 dr ac 001 0 spa d
020 _a9789945001242
040 _aDO-SdBNP
_bspa
_cBNPHU
049 _aBNPD
082 _a972.9354
_bG377j
100 1 _aGerón, Candido,
_d1948-
_93577
245 1 0 _aJuan Bosch :
_bexilio, golpe de Estado de 1963 y la Revolución de Abril de 1965 /
_cCándido Gerón.
260 _aSanto Domingo :
_bCentenario,
_c2008.
300 _a431 p. :
_bil., retrs ;
_c27 cm.
500 _aIncluye datos biográficos del autor en la solapa.
500 _aIncluye índece onomástico.
500 _aIncluye referencias bibliográficas y notas al pie de las páginas.
600 1 0 _a Bosch, Juan,
_d1909-2001
_976555
651 1 0 _aRepública Dominicana
_xPolítica y gobierno
_945
651 1 4 _aRepública Dominicana
_xHistoria
_xRevolución 1965-
_934031
910 _aValidado. Control de calidad BNPHU
942 _2ddc
_cLBS1
999 _c14920
_d14920